000 01507nam a2200289Ia 4500
999 _c34933
_d34933
001 761
003 GE_BSU
005 20241015103152.0
008 181216s2010||||ge |||||||||||||| ||geo||
020 _a9789941028892
040 _cGE_BSU
041 _ageo
080 _a338.22(075.8)+005.915(075.8) ბ–251
100 _aბარათაშვილი, ევგენი
_9734
245 _aბიზნესის კონკურენტუნარიანობა და ადმინისტრირება :
_b(სახელმძღვ.) /
_cევგენი ბარათაშვილი, ლარისა თაკალანძე, ნოდარ გრძელიშვილი; [რედ.: გიორგი მალაშხია, მაია გონაშვილი].
264 _aთბილისი,
_c2010.
300 _a393 გვ. :
_bნახ., ცხრ. ;
_c20 სმ.
541 _h15ლ.
653 _aბიზნესი
653 _aფინანსების მართვა
653 _aკონკურენცია
700 _aთაკალანძე, ლარისა
_eავტორი
_914664
700 _aგრძელიშვილი, ნოდარ
_eავტორი
_94965
700 _aმალაშხია, გიორგი
_eრედაქტორი
_97239
700 _aგონაშვილი, მაია
_eრედაქტორი
_913250
942 _cBK
_2udc